Devine le joueur de foot #9 - Statistiques

Statistiques générales
  • Ce quiz a été pris 110 fois
  • Le résultat moyen est 14 sur 20
Statistiques - réponses
Par images Réponse % Correct
Denzel Dumfries
93%
Wesley Sneijder
91%
Bukayo Saka
89%
Dani Olmo
88%
Ricardo Quaresma
86%
Luís Carlos Almeida da Cunha
85%
Dries Mertens
82%
George Best
82%
Bastian Schweinsteiger
78%
Ezequiel Lavezzi
78%
Téji Savanier
78%
Peter Schmeichel
73%
Wilfried Zaha
73%
Guillaume Hoarau
70%
Ollie Watkins
65%
Domenico Berardi
51%
Andriy Lunin
50%
Bojan Krkić
36%
António João Pereira Albuquerque Tavares Silva
31%
Nicola Zalewski
16%
Aucun quiz correspondant
Distribution des résultats
% des personnes avec chaque résultat
Percentile par nombre de réponses
Votre historique - résultats
Vous n’avez pas pris ce quiz